El rey lear : othelo, el moro de venecia /
Guardado en:
| Autor Principal: | |
|---|---|
| Otros Autores: | |
| Formato: | Libro |
| Publicado: |
Barcelona :
Planeta,
1994
|
| Edición: | 6a. ed. |
| Series: | Clásicos Universales Planeta
|
| Materias: | |
| Etiquetas: |
Agregar Etiqueta
Sin Etiquetas, Sea el primero en etiquetar este registro!
|
| LEADER | 00804nam a22002535a 4500 | ||
|---|---|---|---|
| 001 | CEM.cems010161 | ||
| 005 | 20080605110441.0 | ||
| 008 | 130507s1994##################000#0#####d | ||
| 003 | CEMS | ||
| 020 | |a 8432069671 | ||
| 082 | 0 | 4 | |a 822.3 |
| 100 | 1 | |a Shakespeare, William | |
| 245 | 1 | 0 | |a El rey lear : |b othelo, el moro de venecia / |c William Shakespeare ; introducción y Notas de José María Valverde |
| 250 | |a 6a. ed. | ||
| 260 | |a Barcelona : |b Planeta, |c 1994 | ||
| 300 | |a 206 p. | ||
| 490 | 0 | |a Clásicos Universales Planeta | |
| 505 | 0 | |a El rey Lear -- Othelo, el moro de Venecia | |
| 653 | |a Literatura | ||
| 653 | |a Literatura inglesa | ||
| 653 | |a Teatro | ||
| 653 | |a Teatro inglés | ||
| 700 | 1 | |a Valverde, José María, pról. | |
| 859 | |a CEMS |b BIB. CEMS - 11 de abril |h 822.3 |i Sh14-11 |p 20635.99 |t Ej.1 | ||
